Ryby słodkowodne - Statystyki

Ogólne statystyki
  • Ten quiz został rozwiązany 593 razy
    545 od ostatniego zresetowania
  • Średni wynik to 22 z 38
Statystyki odpowiedzi
Obrazkowy Odpowiedź % Poprawnych
Karp
96%
Sum
96%
Okoń
94%
Szczupak
91%
Węgorz
89%
Płoć
86%
Lin
85%
Jesiotr
84%
Leszcz
83%
Wzdręga
80%
Amur
79%
Sandacz
79%
Pstrag teczowy
72%
Tołpyga
72%
Ukleja
69%
Jaź
68%
Boleń
64%
Kleń
64%
Pstrąg potokowy
64%
Brzana
58%
Krąp
58%
Jazgarz
54%
Karp pelnoluski
53%
Karaś srebrzysty
52%
Piskorz
52%
Karaś złocisty
50%
Miętus
50%
Lipień
46%
Ciernik
41%
Kiełb
40%
Świnka
36%
Certa
32%
Pstrąg zrodlany
25%
Różanka
24%
Jelec
18%
Koza
17%
Śliz
15%
Strzebla potokowa
11%
Nie znaleziono quizów pasujących do podanych kryteriów
Rozkład punktacji
Procent ludzi z każdym wynikiem
Percentyl według liczby udzielonych odpowiedzi
Twoja historia wyników
Nie rozwiązałeś tego quizu od ostatniego zresetowania